000 00388nam a22001337a 4500
999 _c17000
_d17000
008 180716b xxu||||| |||| 00| 0 eng d
020 _a0201615452
100 _aKrajewski, Lee J.
245 _aOperations Management
_bStrategy and Analysis
_clee j. Krajewski
260 _aNew Jersey
_bPrentice Hall
_c2001
300 _axxv, 883p.
650 _aProduction Management
942 _2lcc
_cBK